000 00435nam a2200145 4500
999 _c10025
_d10025
008 180725b ||||| |||| 00| 0 eng d
022 _a2094-8042
082 _aDPer 370.105 M72 Jan-Dec 2011
100 _929624
_aRamos, Leticia
245 _aAuthentic love/
_cLeticia Ramos.
260 _aPhilippines;
_bIn The Grade School, Inc.,
_cc2011.
300 _av59 n9, page 385;
_c27cm.
650 0 _929625
_aLove
_xPoetry.
942 _2ddc
_cPER